MARC details
| 000 -BAŞLIK |
| Sabit Uzunluktaki Kontrol Alanı |
03146nam a22003377a 4500 |
| 001 - KONTROL NUMARASI |
| Control Dosyası |
0016791 |
| 003 - KONTROL NUMARASI KİMLİĞİ |
| Kontrol Alanı |
KOHA_MİRAKIL |
| 005 - EN SON İŞLEM TARİHİ ve ZAMANI |
| Kontrol Alanı |
20260207002116.0 |
| 007 - FİZİKSEL TANIM SABİT ALAN - GENEL BİLGİ |
| Sabit uzunluklu kontrol alanı |
ta |
| 008 - SABİT UZUNLUKTAKİ VERİ ÖGELERİ - GENEL BİLGİ |
| Sabit Alan |
100427b2010 tu |||gr||||#||||0|tur | |
| 020 ## - ISBN - ULUSLARARASI STANDART KİTAP NUMARASI |
| Isbn |
9789752639997 |
| 040 ## - KATALOGLAMA KAYNAĞI |
| Özgün Kataloglama Kurumu |
TR-BiSEU |
| Kataloglama Dili |
tur |
| Çeviri Kurumu |
TR-BiSEU |
| Açıklama Kuralları |
rda |
| 041 0# - DİL KODU |
| Metin ya da ses kaydının dil kodu |
tur |
| 044 ## - YAYINLAYAN/ÜRETEN KURULUŞUN ÜLKE KODU |
| ISO country code |
tu |
| 050 ## - SINIFLAMA ve YER NUMARASI |
| Sınıflama Numarası |
D424 |
| Yer Numarası |
.A76 2010 |
| 100 1# - KİŞİ ADI |
| Yazar Adı (Kişi adı) |
Armağan, Mustafa. |
| 245 1# - ESER ADI BİLDİRİMİ |
| Başlık |
Avrupa'nın 50 büyük yalanı/ |
| Sorumluluk Bildirimi |
Mustafa Armağan ; Mustafa Armağan. |
| 264 #1 - ÜRERİM, YAYIN, DAĞITIM ve TELİF BİLDİRİMİ |
| Yayın yeri |
İstanbul : |
| Yayınlayan |
Timaş yayınları |
| Yayın tarihi |
2010 |
| 300 ## - FİZİKSEL TANIMLAMA |
| Sayfa, Cilt vb. |
320 sayfa; 21 cm. |
| 336 ## - İÇERİK TÜRÜ |
| Content type term |
metin |
| Content type code |
txt |
| Source |
rdacontent |
| 337 ## - MEDYA TÜRÜ |
| Media type term |
aracısız |
| Media type code |
n |
| Source |
rdamedia |
| 338 ## - TAŞIYICI TÜRÜ |
| Carrier type term |
cilt |
| Carrier type code |
nc |
| Source |
rdacarrier |
| 490 1# - DİZİ BİLDİRİMİ |
| Dizi Bildirimi |
Timaş yayınları ; |
| Cilt Numarası |
2073. |
| 490 1# - DİZİ BİLDİRİMİ |
| Dizi Bildirimi |
Osmanlı tarihi ; |
| Cilt Numarası |
38. |
| 500 ## - GENEL NOT |
| Genel Not |
Kaynakça var. |
| 505 ## - İÇİNDEKİLER NOTU |
| İçindekiler Notu |
Mustafa Armağan, Osmanlı tarihi ve yakın tarih üzerine kaleme aldığı bir düzine kitaptan sonra bu defa projektörünü Avrupa tarihinin karanlık bölgelerine tutuyor. Bu çalışmayla yalnız Avrupa tarihinin bilinmeyenleri ortaya çıkmakla kalmıyor, aynı zamanda kendi yüzümüzün de bir kısmının aydınlandığını fark ediyorsunuz. Eşitsiz olarak, adeta bir ast-üst ilişkisi içinde kurgulanan Osmanlı ve Avrupa tarihleri, olmaları gereken eşit konuma yerleştiriliyor. |
| 650 #0 - KONU BAŞLIĞI EK GİRİŞ - KONU TERİMİ |
| Konusal terim veya coğrafi ad |
Europe--History 20th century. |
| 9 (RLIN) |
38911 |
| 830 1# - SERİ EK GİRİŞİ - TEKBİÇİM ESER ADI |
| Tekbiçim Başlık |
Timaş yayınları ; |
| Volume number/sequential designation |
2073. |
| 9 (RLIN) |
8079 |
| 830 1# - SERİ EK GİRİŞİ - TEKBİÇİM ESER ADI |
| Tekbiçim Başlık |
Osmanlı tarihi ; |
| Volume number/sequential designation |
38. |
| 9 (RLIN) |
22617 |
| 942 ## - EK GİRİŞ ÖGELERİ (KOHA) |
| Source of classification or shelving scheme |
Library of Congress Classification |
| Koha item type |
Book |
| 505 ## - İÇİNDEKİLER NOTU |
| -- |
Türk aydınının 1,5 asırdır peşinde koştuğu 'Avrupa mucizesi' yalanı, farklı ve şaşırıcı yönleriyle bu kitapta birer birer deşifre edilip ortaya konuluyor. İlginizi çekeceğine inandığımız başlıklardan bir kısmını tadımlık olarak şöyle bir hatırlamaya ne dersiniz? |
| -- |
- Florence Nightingale'in İngiltere'de ölüm meleği olarak tanındığını, |
| -- |
- Galile'nin kiliseye karşı çıkmış bir bilim kahramanı olmadığını, |
| -- |
- Magna Carta'nın Avrupa tarihinde ileri değil, geri bir adım olduğunu, |
| -- |
- Hitler'in aslında Avrupa'yı işgal planı olmadığını, |
| -- |
- Einstein'ın son yıllarında beyninin yavaşladığını, |
| -- |
- İlk feministlerin fabrikalardaki kadınları evlerine kapatma için kampanyalar düzenlediklerini, |
| -- |
- Don Kişot'ta Endülüslü Müslümanlarla ilgili şifreler bulunduğunu, |
| -- |
- Kopernik ve Kepler'in güneşe tapanlar tarikatından olduklarını, |
| -- |
- Rönesans insanlarının Ortaçağ'daki atalarından daha pis yaşadıklarını, |
| -- |
- Haritaların emperyalizmin sözcülüğünü yaptığını, |
| -- |
biliyor muydunuz? |
| -- |
Bunlar ve bunlardan başka Avrupa'nın büyük yalanlarını, Mustafa Armağan'ın hakikaten büyük emek mahsulü Avrupa'nın 50 Büyük Yalanı'ndan okuyacak ve her satırında eminiz ki, şaşıracaksınız. Yazarın amacı da bu zaten: Düşünmek, şaşırmakla başlar ona göre. |
| -- |
Mustafa Armağan'a göre Osmanlı tarihini de hakkıyla anlayabilmek için Avrupa tarihinin gerçeklerini bilmek gerekir. |
| -- |
Osmanlı ve yakın tarih üzerine yazdığı ufuk açıcı kitaplarından sonra Armağan'la Avrupa tarihinin bilinmeyenlerine doğru nefes nefese bir yolculuğa hoş geldiniz |